| 000 | 00772nam a2200229 a 4500 | ||
|---|---|---|---|
| 005 | 20210223125537.0 | ||
| 008 | 041123s1997 fr r 000 0 spa d | ||
| 020 | _a9264445498 | ||
| 035 | _aUPN01000136492 | ||
| 049 | _aCG | ||
| 050 | 4 |
_aHC54 _bM3.3 |
|
| 100 | 1 | _aMaddison, Angus | |
| 245 | 1 | 3 |
_aLa economía mundial 1820-1992 : _banálisis y estadísticas / _cAngus Maddison. |
| 260 |
_aParís : _bOCDE, _c1997. |
||
| 300 |
_a355 p. : _bgráfs., cuadros |
||
| 440 | 0 |
_aEstudios del Centro de Desarrollo ; _v96 |
|
| 534 |
_pTraducción de: _tMonitoring the world economy 1820-1992 |
||
| 534 |
_pTraducción de: _tL'economie mondiale 1820-1992 |
||
| 650 | 4 |
_aHISTORIA ECONOMICA - _ySIGLO XX _914159 |
|
| 650 | 4 |
_aHISTORIA ECONOMICA - _ySIGLO XIX _9975 |
|
| 905 | _aLibro | ||
| 999 |
_c108643 _d108643 |
||